|
|
|
|
| LEADER |
01244nam a2200325 a 4500 |
| 001 |
4066 |
| 003 |
BD-DhAAL |
| 005 |
20150621112834.0 |
| 008 |
150621s1998 nyua 001 0 eng |
| 010 |
|
|
|a 97037207
|
| 020 |
|
|
|a 0070170533 (pbk.)
|
| 040 |
|
|
|a DLC
|c DLC
|d DLC
|d BD-DhAAL
|
| 050 |
0 |
0 |
|a HB172.5
|b .D58 1998
|
| 082 |
0 |
0 |
|a 339.3/076
|2 21
|
| 100 |
1 |
|
|a Diulio, Eugene A.
|9 12330
|
| 245 |
1 |
0 |
|a Schaum's outline of theory and problems of macroeconomics /
|c Eugene Diulio.
|
| 246 |
3 |
0 |
|a Theory and problems of macroeconomics
|
| 246 |
3 |
0 |
|a Macroeconomics
|
| 250 |
|
|
|a 3rd ed.
|
| 260 |
|
|
|a New York :
|b McGraw-Hill,
|c 1998.
|
| 300 |
|
|
|a vii, 333 p. :
|b ill. ;
|c 28 cm.
|
| 490 |
0 |
|
|a Schaum's outline series
|
| 500 |
|
|
|a Rev. ed. of: Schaum's outline of theory and problems of macroeconomic theory / Eugene Diulio. 2nd ed. c1990.
|
| 500 |
|
|
|a Includes index.
|
| 541 |
|
|
|e 4066
|
| 650 |
|
0 |
|a Macroeconomics
|x Problems, exercises, etc.
|9 12331
|
| 700 |
1 |
|
|a Diulio, Eugene A.
|t Schaum's outline of theory and problems of macroeconomic theory.
|9 12332
|
| 942 |
|
|
|2 ddc
|c BK
|
| 999 |
|
|
|c 34799
|d 34799
|
| 952 |
|
|
|0 0
|1 0
|2 ddc
|4 0
|6 339_307600000000000_DIU
|7 0
|9 54446
|a SCL
|b SCL
|c GEN
|d 2015-06-21
|l 0
|o 339.3076 DIU
|p 3020004066
|r 2015-06-21
|t 1
|w 2015-06-21
|y BK
|